| 000 | 01676cam a22004814i 4500 | ||
|---|---|---|---|
| 003 | PE-LiUPU | ||
| 005 | 20250731173232.0 | ||
| 008 | 150625s r 000 0 d | ||
| 035 | _a(Sirsi) a34751 | ||
| 040 |
_aPE-LiUPU _bspa _cPE-LiUPU _erda |
||
| 082 | 0 | 4 |
_a262.13 _bT48 _221 |
| 100 | 1 |
_aThomas, Gordon, _eautor. |
|
| 245 | 1 | 3 |
_aEl año de Armagedón : _bla política papal y el Armagedón nuclear / _cGordon Thomas y Max Morgan-Witts ; tr. de Lorenzo Cortina. |
| 264 | 1 |
_aBarcelona : _bPlaza & Janes Edits., _c1985 |
|
| 300 |
_a428 páginas ; _c21 centímetros. |
||
| 336 |
_atext _2rdacontent |
||
| 337 |
_aunmediated _2rdamedia |
||
| 338 |
_avolume _2rdacarrier |
||
| 440 | _aHombre y sociedad | ||
| 500 | _aTraducción de: The year of Armagedon. | ||
| 504 | _aIncluye bibliografías. | ||
| 526 | _aSEG42 | ||
| 526 | _aSEG41 | ||
| 526 | _aSEG40 | ||
| 526 | _aSEG39 | ||
| 526 | _aP94 | ||
| 526 | _aP87 | ||
| 526 | _aP86 | ||
| 526 | _aP85 | ||
| 526 | _aP77 | ||
| 526 | _aP76 | ||
| 526 | _aP35 | ||
| 942 |
_2ddc _cBOOK |
||
| 949 |
_a262.13 T48 _wDEWEY _c1 _i26261 _lCCODEBUL1 _mBUL _p30.00 _r0 _sY _tBOOK _u2015-06-25 _xBIBLIOTECA _zUNKNOWN _0COMPRA _o.STAFF. Colección General |
||
| 596 | _a1 | ||
| 610 | 2 |
_aIglesia católica _bPapa (1978- : Juan Pablo II). |
|
| 650 | 1 | 4 |
_aPapado _x Historia. |
| 650 | 2 | 4 |
_aVaticano, Concilio _y1978. |
| 700 | 1 | _aMorgan-Witts, Max. | |
| 700 | 1 |
_aCortina, Lorenzo, _e tr. |
|
| 999 |
_a262.13 T48 _wDEWEY _c42642 _i26261 _d42642 _f2021-11-10 _g5 _lCCODEBUL1 _mBUL _p30.00 _q1 _r0 _sY _tBOOK _u2015-6-25 _xTEOLOGIA _PP35 _0COMPRA _o.STAFF. Colección Teología |
||
| 980 |
_81 _gALBERTO SANCHEZ Responsable de Automatización |
||